Psicología: una nueva perspectiva

Salvato in:
Dettagli Bibliografici
Autore principale: Gray, Peter (Autore)
Natura: Libro
Lingua:spagnolo
Pubblicazione: Ciudad de México McGraw Hill 2008
Edizione:5a. ed
Soggetti:
Tags: Aggiungi Tag
Nessun Tag, puoi essere il primo ad aggiungerne!!

MARC

LEADER 00000nam a2200000 a 4500
001 UCI9092
003 CL-VaPUC
008 081024e20080000MX |||||||||||||||||spa|d
020 |a 9789701064009 
082 0 4 |a 150  |b GRA  |2 21 
100 |a Gray, Peter  |e author  |9 532735 
245 1 0 |a Psicología: una nueva perspectiva 
250 |a 5a. ed 
300 |a 654 p 
942 |c BK 
945 |d 20081024 00:00:00  |a rbrito 
260 |a Ciudad de México  |b McGraw Hill  |c 2008 
650 0 |a Psicología   |9 257863 
650 0 |a Conducta  |9 269782 
650 0 |a Memoria  |9 266549 
650 0 |a Inteligencia  |9 267038 
650 0 |a Psicología evolutiva   |9 271069 
650 0 |a Personalidad   |9 307255 
650 0 |a Trastornos mentales  |9 307475 
583 |a last modification  |c 20081024 00:00:00  |k Rodrigo Vera 
999 |c 331743  |d 331741 
952 |0 0  |1 0  |4 0  |6 150_000000000000000_GRA_2008  |7 0  |8 A  |9 418813  |a BIBEDU  |b BIBEDU  |d 2019-11-22  |i 4493052  |o 150 GRA 2008  |p 4493052  |r 2019-11-22  |w 2019-11-22  |y BK  |k PSI 
952 |0 0  |1 0  |4 0  |6 150_000000000000000_GRA_2008  |7 0  |8 A  |9 418814  |a BIBING  |b BIBING  |d 2019-11-22  |i 4707141  |o 150 GRA 2008  |p 4707141  |r 2023-03-02  |w 2019-11-22  |y BK  |k ING